| 000 | 00839nam a2200253 i 4500 | ||
|---|---|---|---|
| 001 | 14442 | ||
| 003 | ES-MaACL | ||
| 005 | 20250603165958.0 | ||
| 007 | t| | ||
| 008 | 990311s1992 sp |||| | spa d | ||
| 020 | _a84-86884-86-1 | ||
| 080 | _a308(460)"18" | ||
| 100 | 1 |
_aMacías Picavea, Ricardo. _975221 |
|
| 245 | 1 | 3 |
_aEl problema nacional / _cR. Macías Picavea ; edición al cuidado de José Esteban. |
| 260 |
_aMadrid : _bFundación Banco Exterior, _c[1992] |
||
| 300 |
_a344 p. ; _c23 cm. |
||
| 490 | 1 |
_aBiblioteca regeneracionista ; _v11 |
|
| 651 | 4 |
_aEspaña- _xSituación social- _yS.XIX _98512 |
|
| 700 | 1 |
_aEsteban, José, _d1935- _948033 |
|
| 710 | 2 |
_aFundación Banco Exterior. _94226 |
|
| 830 | 0 |
_aBiblioteca regeneracionista ; _v11 _9177460 |
|
| 852 |
_aES-MaACL _jL-21652 |
||
| 999 |
_c14442 _d14442 |
||